00607nam a2200193Ia 450000500170000000800410001702000180005804100120007608200180008810000230010624501460012925000120027526000370028730000210032465000120034565000130035765000180037070000250038820260429112141.0260429s9999||||xx |||||||||||||| ||und|| a9781032769622 aEnglish a615.8515bHAL aHaller, Rebecca L. 0aHorticultural therapy methods : bconnecting people and plants in health care, human services, and therapeutic programs / cRebecca L. Haller a3rd ed. aBoca Raton : bCRC Press,c2025. axvi, 243 p.; pbk a Plants a Therapy aHorticultural a Capra, Christine L.